000
00217 a2200097 4500
001
46314
100
_a
Green, W
245
_a
Macdonald world air power guide
260
_a
London
_b
Macdonald
_c
090
_c
29432
_d
29432
942
_a
NUST-CAE
_c
M
_c
21594
999
_c
281387
_d
281387